000 01178nam1a2200313 i 4500
001 RU\NLR\bibl\468051
005 20260407224731.0
035 _a(NLR Aleph) 000461372
090 _a936071
_c936071
100 _a20031203g20039999k y0rusy50 ca
101 0 _arus
102 _aRU
105 _a||||z |||||
200 1 _aМальтийский орден
_eИстория и современность
_fВ.А. Захаров
_gРос. акад. наук, Ин-т Европы
210 _aМ.
_cОгни
_d2003
215 _d21
463 0 _1001458160
463 0 _1001458165
601 0 2 _aМальтийский орден
_91516442
_3RU\NLR\auth\66658751
686 _aЭ375-647.313
700 1 _4070
_8rus
_7ca
_aЗахаров
_bВ. А.
_cканд. ист. наук, литературовед
_f1946-
_gВладимир Александрович
_3RU\NLR\auth\7744341
_927282
712 0 2 _4570
_aОрден госпитальеров
_3RU\NLR\AUTH\8810153092
_9801325
801 0 _aRU
_bNLR
_c20031203
_gPSBO
801 1 _aRU
_bNLR
_c20031203
830 _aавт. по кн.
852 _aNLR
_j2003-3/26883
942 _cBOOK